|
|
|
|
| LEADER |
00000nab a2200000 a 4500 |
| 001 |
vtls000153393 |
| 003 |
SK-MaSNL |
| 005 |
20260319074614.0 |
| 008 |
220422c1982 xo 0 rus |
| 015 |
|
|
|a SNBRB19rr/mm-uuuuu
|
| 035 |
|
|
|a CL0163500
|
| 040 |
|
|
|a SNKBUCL
|b slo
|c SNKBUCL
|e AACR2
|
| 041 |
0 |
|
|a rus
|
| 044 |
|
|
|a xo
|c SK
|
| 080 |
|
|
|a 578.82/.83
|2 1981
|
| 080 |
|
|
|a 57.083.3
|2 1981
|
| 080 |
|
|
|a 577.27
|2 1981
|
| 100 |
1 |
|
|a Jankowski, M. A.
|4 aut
|9 923812
|
| 245 |
1 |
0 |
|a Radioimmunologičeskij metod vyjavlenija protivokorevych antitel u boľnych PSPE
|c M. A. Jankowski, W. Gut, M. Kantoch
|
| 300 |
|
|
|b Obr. 2. Tb. 1. Res. rus., lit. 17 zázn. v angl.
|
| 650 |
0 |
7 |
|a protilátky
|2 snkbucl
|9 15097
|
| 655 |
|
7 |
|a články z novín a časopisov
|2 snkbucl
|9 267496
|
| 700 |
1 |
|
|a Gut, W.
|4 aut
|9 923813
|
| 700 |
1 |
|
|a Kantoch, M.
|4 aut
|9 923814
|
| 773 |
0 |
|
|t Acta virologica
|g Roč. 26, č. 6 (1982), s. 481-487
|
| 850 |
|
|
|a Slovenská národná knižnica v Martine
|a MTA001
|
| 852 |
|
|
|a SNK
|b KIS3GCP
|
| 958 |
|
|
|a NB
|
| 958 |
|
|
|a RK
|
| 958 |
|
|
|a ME
|
| 958 |
|
|
|a PL
|
| 992 |
|
|
|a RBX
|
| 999 |
|
|
|c 1464222
|d 1466152
|